Maklumat data kos(semeter persegi)bagi kerja-kerja pembinaan bangunan kerajaan oleh Jabatan Kerja Raya bagi tempoh Jan - Jun 1996

Bibliographic Details
Format: Book
Subjects:
Online Access:http://app.inspen.gov.my:7779/pls/portal/docs/PAGE/CORPORATEPAGES/PORTAL_INSPEN/NOTA_KURSUS/BUILDING/GD.PDF

MARC

LEADER 00000cam a2200000 7i4500
001 0000005188
005 20071123.0
040 |a INS 
090 0 0 |a B10 
245 0 0 |a Maklumat data kos(semeter persegi)bagi kerja-kerja pembinaan bangunan kerajaan oleh Jabatan Kerja Raya bagi tempoh Jan - Jun 1996 
500 |a Digital document is available on-line; Please click the URL below 
650 0 0 |a Building 
856 |u http://app.inspen.gov.my:7779/pls/portal/docs/PAGE/CORPORATEPAGES/PORTAL_INSPEN/NOTA_KURSUS/BUILDING/GD.PDF 
999 |a B000000023   |b BOOK   |c Course Notes   |e Default branch 
999 |a B000000334   |b BOOK   |c Course Notes   |e Default branch